00273nam a22001097a 4500008004100000020001800041041000800059080000800067100000700075101000800082245007300090180903b xxu||||| |||| 00| 0 eng d a9780205139538 aeng a316 a50 aSOC aPersonality Classi9c Theories And Modern ResearchcFriedman.H.H